[Event "ICS Rated blitz match"]
[Site "207.99.83.229"]
[Date "1999.07.14"]
[Round "?"]
[White "occam"]
[Black "Hossa"]
[Result "0-1"]
[WhiteElo "2369"]
[BlackElo "2357"]
[PlyCount "120"]
[EventDate "1999.??.??"]

1. d4 d5 2. Nf3 Nf6 3. g3 e6 4. Bg2 Bb4+ 5. Nbd2 O-O 6. c3 Bd6 7. Qc2 Bd7 8. b4
a5 9. bxa5 Rxa5 10. Rb1 Ba4 11. Nb3 Nc6 12. O-O Ne4 13. Nfd2 f5 14. Nxe4 fxe4
15. f3 exf3 16. Bxf3 e5 17. Qb2 Rb5 18. dxe5 Nxe5 19. Bf4 Nc4 20. Qc1 Bxf4 21.
gxf4 Qd7 22. e4 dxe4 23. Bxe4 Nd6 24. c4 Nxe4 25. cxb5 Bxb5 26. Qd1 Qf5 27. Qf3
Qg6+ 28. Qg2 Qb6+ 29. Kh1 Bc6 30. Rbc1 Nf2+ 31. Rxf2 Qxf2 32. Rxc6 Qe1+ 33. Qg1
Qe4+ 34. Qg2 Qxc6 35. Qxc6 bxc6 36. Nd4 Rxf4 37. Nxc6 Rf1+ 38. Kg2 Ra1 39. Kf3
Rxa2 40. h4 Kf7 41. Kf4 Ra4+ 42. Kg3 Ke6 43. Kh3 Re4 44. Kg3 Kf5 45. Nd8 Re3+
46. Kf2 Rh3 47. Nc6 Rxh4 48. Ke3 Re4+ 49. Kd3 Kf4 50. Kc3 g5 51. Nb4 g4 52.
Nd3+ Kf3 53. Nf2 Kxf2 54. Kd3 Kf3 55. Kc3 g3 56. Kd3 g2 57. Kc3 g1=Q 58. Kc2
Qc5+ 59. Kb2 Rb4+ 60. Ka2 60... Qa5# {occam checkmated} 0-1

[Event "ICS Rated blitz match"]
[Site "207.99.83.229"]
[Date "1999.07.14"]
[Round "?"]
[White "Hossa"]
[Black "occam"]
[Result "1-0"]
[WhiteElo "2374"]
[BlackElo "2345"]
[PlyCount "67"]
[EventDate "1999.??.??"]

1. d4 Nf6 2. c4 e6 3. Nc3 d5 4. cxd5 exd5 5. Bf4 b6 6. e3 c6 7. Bd3 Qe7 8. Nge2
Nbd7 9. O-O h6 10. Rc1 Bb7 11. Qd2 a5 12. f3 b5 13. Ng3 b4 14. Nce2 Qd8 15. e4
c5 16. exd5 Nxd5 17. Bb5 cxd4 18. Qxd4 Rg8 19. Rfd1 Rc8 20. Qe4+ Be7 21. Rxd5
Bxd5 22. Qxd5 Rxc1+ 23. Bxc1 Qb6+ 24. Nd4 Qd6 25. Qa8+ Bd8 26. Qe4+ Be7 27.
Ngf5 Qc5 28. Be3 g6 29. Qa8+ Bd8 30. Nc6 Qxc6 31. Qxc6 gxf5 32. Qxd7+ Kf8 33.
Bxh6+ Rg7 34. Qxd8# {occam checkmated} 1-0

[Event "ICS Rated blitz match"]
[Site "207.99.83.229"]
[Date "1999.07.14"]
[Round "?"]
[White "Hossa"]
[Black "shark"]
[Result "1-0"]
[WhiteElo "2389"]
[BlackElo "2399"]
[PlyCount "106"]
[EventDate "1999.??.??"]

1. d4 e5 2. dxe5 Nc6 3. Nf3 f6 4. Bf4 g5 5. Bg3 g4 6. Nd4 Nxe5 7. e4 d5 8. Nc3
dxe4 9. Nxe4 Qd5 10. Nc3 Bb4 11. Qd2 Bxc3 12. Qxc3 Bd7 13. O-O-O O-O-O 14. Nb5
Qxd1+ 15. Kxd1 Bxb5+ 16. Kc1 Bxf1 17. Rxf1 Nc6 18. f3 gxf3 19. Rxf3 Rd4 20. Re3
a6 21. Re6 Nge7 22. Rxe7 Rd7 23. Rxd7 Kxd7 24. Qxf6 Re8 25. Qf5+ Kd8 26. Bh4+
Ne7 27. Qxh7 a5 28. Qd3+ Kc8 29. Bxe7 Rxe7 30. Qf5+ Kd8 31. Qxa5 b6 32. Qa8+
Kd7 33. Kd2 Re6 34. Qa4+ Ke7 35. Qb4+ c5 36. Qh4+ Kd7 37. Qa4+ Ke7 38. Qa7+ Ke8
39. Qc7 Kf8 40. Qd7 Rf6 41. Ke3 Kg8 42. h4 Kh8 43. g4 Rg6 44. Qf7 Rg7 45. Qf8+
Kh7 46. Kf4 Ra7 47. Qf5+ Kg7 48. Kg5 Kg8 49. Qe6+ Kh8 50. Qf6+ Kh7 51. Qg6+ Kh8
52. Kh6 Re7 53. Qf6+ 53... Kg8 {shark resigns} 1-0

[Event "ICS Rated blitz match"]
[Site "207.99.83.229"]
[Date "1999.07.14"]
[Round "?"]
[White "Highlander3"]
[Black "Hossa"]
[Result "1-0"]
[WhiteElo "2251"]
[BlackElo "2405"]
[PlyCount "149"]
[EventDate "1999.??.??"]

1. e4 Nf6 2. Nc3 d5 3. e5 d4 4. exf6 dxc3 5. fxg7 cxd2+ 6. Qxd2 Qxd2+ 7. Bxd2
Bxg7 8. O-O-O Be6 9. a3 Nd7 10. Nf3 O-O-O 11. g3 Bd5 12. Bg2 Nb6 13. b3 e5 14.
Rhe1 f5 15. Bc3 Rhe8 16. Nh4 Bxg2 17. Rxd8+ Rxd8 18. Nxg2 Bh6+ 19. Kb1 e4 20.
Nh4 Rd5 21. f3 Bd2 22. Bxd2 Rxd2 23. fxe4 fxe4 24. Rxe4 Kd7 25. Nf3 Rf2 26.
Ne5+ Kd6 27. Ng4 Rg2 28. Rf4 Rg1+ 29. Kb2 Nd5 30. Rf7 h5 31. Nf2 Ne3 32. Rf3
Re1 33. Kc3 Ng4 34. Nxg4 hxg4 35. Rf4 Rh1 36. Rxg4 Rxh2 37. Rg6+ Ke5 38. Rg7
Kd6 39. a4 Re2 40. b4 Re4 41. Kb3 Re1 42. g4 Re4 43. g5 b6 44. b5 Rd4 45. g6
Rg4 46. Rg8 Ke6 47. g7 Rg3+ 48. c3 Kf6 49. Ra8 Rxg7 50. Rxa7 Re7 51. c4 Re3+
52. Kb4 Re7 53. c5 Re4+ 54. Kc3 Re3+ 55. Kd4 Re7 56. cxb6 cxb6 57. Rxe7 Kxe7
58. Ke5 Kf7 59. Kd6 Ke8 60. Kc6 Kf7 61. Kxb6 Kf6 62. Kc6 Ke5 63. b6 Ke6 64. b7
Kf5 65. b8=Q Ke4 66. Qd6 Ke3 67. Qd5 Kf2 68. Qe4 Kg3 69. Kd5 Kf2 70. Kd4 Kg1
71. Qf3 Kh2 72. Qg4 Kh1 73. Ke3 Kh2 74. Kf2 Kh1 75. Qh4# {Hossa checkmated} 1-0

[Event "ICS Rated standard match"]
[Site "207.99.83.229"]
[Date "1999.07.14"]
[Round "?"]
[White "occam"]
[Black "Hossa"]
[Result "1-0"]
[WhiteElo "2061"]
[BlackElo "2208"]
[PlyCount "54"]
[EventDate "1999.??.??"]

1. Nf3 e6 2. e4 d5 3. exd5 exd5 4. Be2 Nf6 5. O-O Bd6 6. c4 dxc4 7. Bxc4 O-O 8.
d4 Ng4 9. Re1 a6 10. h3 Nxf2 11. Kxf2 Nc6 12. Kg1 Bg3 13. Rf1 Bf5 14. Nc3 Qd7
15. d5 Nb4 16. Nd4 Bxh3 17. a3 b5 18. Bb3 Bg4 19. Qd2 Nxd5 20. Bxd5 Rad8 21.
Nc6 Rde8 22. a4 Be6 23. axb5 axb5 24. Ra5 Qd6 25. Rxb5 Qd7 26. Ra5 Bd6 27. b4
27... h6 {Hossa resigns} 1-0

[Event "ICS Rated blitz match"]
[Site "207.99.83.229"]
[Date "1999.07.14"]
[Round "?"]
[White "TDChess"]
[Black "Hossa"]
[Result "0-1"]
[WhiteElo "2551"]
[BlackElo "2382"]
[PlyCount "158"]
[EventDate "1999.??.??"]

1. d4 d5 2. c4 e6 3. Nf3 Nf6 4. e3 Nc6 5. Bd3 Bd6 6. c5 Be7 7. Nc3 O-O 8. O-O
Bd7 9. Qb3 Rb8 10. Bd2 Ng4 11. Rac1 Kh8 12. e4 dxe4 13. Nxe4 Nf6 14. Ng3 Bc8
15. Qc3 Nd5 16. Qc4 f6 17. b4 a6 18. a4 a5 19. bxa5 Ra8 20. Qb5 e5 21. Qb2 exd4
22. a6 bxa6 23. Nxd4 Rb8 24. Nb3 Ne5 25. Be4 Bg4 26. f3 Be6 27. Nh1 Qd7 28. c6
Nxc6 29. Rcd1 Ne5 30. Qa2 f5 31. Bc2 Nc4 32. Rf2 Nxd2 33. Rdxd2 Bb4 34. Rd1 c5
35. Qa1 Qf7 36. Rb1 c4 37. Nd2 Bc3 38. Qa3 Rxb1+ 39. Bxb1 Rb8 40. Qc1 Qc7 41.
Ba2 Bd4 42. Qxc4 Bxf2+ 43. Nxf2 Rb2 44. Qxc7 Nxc7 45. Bxe6 Nxe6 46. Nf1 Ra2 47.
h4 f4 48. Nd3 Rxa4 49. Nc1 Rc4 50. Nb3 Kg8 51. Kh2 Kf7 52. Nfd2 Rc2 53. Ne4 Ke7
54. h5 Kd7 55. Kh3 Kc6 56. g3 fxg3 57. Kxg3 Kb6 58. f4 Re2 59. Ned2 Ka7 60. f5
Nd4 61. Nxd4 Rxd2 62. Ne6 Rd1 63. Kf4 Rf1+ 64. Ke5 Rg1 65. h6 Re1+ 66. Kd6 gxh6
67. f6 Rf1 68. Ke7 a5 69. f7 a4 70. f8=Q Rxf8 71. Kxf8 a3 72. Nd4 a2 73. Nb3 h5
74. Kg7 h4 75. Kf8 h3 76. Na1 h2 77. Nc2 h1=Q 78. Na1 Qxa1 79. Kg8 79... Qf6 {
TDChess resigns} 0-1

[Event "ICS Rated blitz match"]
[Site "207.99.83.229"]
[Date "1999.07.14"]
[Round "?"]
[White "Hossa"]
[Black "Carpedian"]
[Result "1-0"]
[WhiteElo "2405"]
[BlackElo "2039"]
[PlyCount "24"]
[EventDate "1999.??.??"]

1. d4 Nf6 2. c4 e6 3. Nc3 Bb4 4. Bg5 h6 5. Bh4 Be7 6. e3 d6 7. Qb3 Nbd7 8.
O-O-O c5 9. Bxf6 Bxf6 10. Ne4 cxd4 11. Nxd6+ Ke7 12. Qa3 12... dxe3 {
Carpedian resigns} 1-0

[Event "ICS Rated blitz match"]
[Site "207.99.83.229"]
[Date "1999.07.14"]
[Round "?"]
[White "karakor"]
[Black "Hossa"]
[Result "0-1"]
[WhiteElo "1918"]
[BlackElo "2408"]
[PlyCount "53"]
[EventDate "1999.??.??"]

1. d4 d5 2. c4 e6 3. Nc3 Nf6 4. cxd5 exd5 5. Bg5 c6 6. e3 Be7 7. Bd3 Bg4 8. Qc2
Nbd7 9. h3 Bh5 10. g4 Bg6 11. O-O-O Bxd3 12. Qxd3 O-O 13. Nf3 Ne4 14. Bxe7 Qxe7
15. Qc2 f5 16. g5 Nxg5 17. Nxg5 Qxg5 18. Rdg1 Qe7 19. Ne2 Qe4 20. Qd2 Rac8 21.
Ng3 Qf3 22. Ne2 Qxf2 23. Rg3 f4 24. exf4 Rce8 25. Rhg1 Rxe2 26. Rxg7+ Kh8 27.
Rxh7+ {karakor resigns} 0-1

[Event "ICS Rated blitz match"]
[Site "207.99.83.229"]
[Date "1999.07.14"]
[Round "?"]
[White "Hossa"]
[Black "Highlander3"]
[Result "1-0"]
[WhiteElo "2410"]
[BlackElo "2273"]
[PlyCount "57"]
[EventDate "1999.??.??"]

1. d4 Nf6 2. c4 g6 3. Nc3 Bg7 4. e4 d6 5. f3 O-O 6. Be2 c5 7. dxc5 dxc5 8. Be3
Nc6 9. Qa4 Nd4 10. O-O-O Bd7 11. Qa3 Qc7 12. Bxd4 cxd4 13. Rxd4 Be6 14. Nh3 Ng4
15. Nd5 Bxd5 16. Rxd5 e6 17. Rc5 Qd6 18. fxg4 Bxb2+ 19. Kxb2 Qd2+ 20. Kb1 Qxe2
21. Qf3 Qd2 22. Rc7 Rac8 23. Rxc8 Rxc8 24. Rf1 Rc7 25. a3 b5 26. Rd1 Qa5 27.
Rd8+ Kg7 28. g5 f5 29. gxf6+ {Highlander3 resigns} 1-0

[Event "ICS Rated blitz match"]
[Site "207.99.83.229"]
[Date "1999.07.14"]
[Round "?"]
[White "Hossa"]
[Black "Amateur"]
[Result "1-0"]
[WhiteElo "2420"]
[BlackElo "2502"]
[PlyCount "153"]
[EventDate "1999.??.??"]

1. d4 Nf6 2. c4 e6 3. Nc3 d5 4. cxd5 exd5 5. Bf4 Bb4 6. Qb3 Nc6 7. O-O-O O-O 8.
e3 Be6 9. Bg5 Bxc3 10. bxc3 Rb8 11. f3 h6 12. Bh4 Qe7 13. Ne2 Rfd8 14. Nf4 Bf5
15. Bxf6 Qxe3+ 16. Kb2 Qf2+ 17. Be2 gxf6 18. Ka1 Qe3 19. g3 b6 20. Rhe1 Na5 21.
Qa3 Bh7 22. Bd3 Qxf3 23. Qe7 Bxd3 24. Rxd3 Qf2 25. Rdd1 Qc2 26. Rc1 Qa4 27. Qb4
Qc6 28. Qb1 Rd6 29. Qf5 Qd7 30. Qh5 Kh7 31. Rc2 c5 32. Rce2 Rb7 33. Re8 f5 34.
R1e7 Qxe7 35. Qxf5+ Rg6 36. Rxe7 Rxe7 37. Qb1 cxd4 38. cxd4 Nc4 39. Nxd5 Re2
40. Nf4 Na3 41. Qxg6+ fxg6 42. Nxe2 Nc2+ 43. Kb2 Ne3 44. Kc3 Kg7 45. h4 Kf6 46.
Kd3 Nf1 47. Ke4 Nd2+ 48. Kd5 Kf5 49. Kc6 Ne4 50. Kb7 b5 51. h5 gxh5 52. Kxa7 b4
53. Kb6 Kg4 54. d5 Kf5 55. Kc6 Ke5 56. Nf4 h4 57. Ng6+ Kf6 58. Nxh4 Nxg3 59. d6
Ne2 60. d7 Nd4+ 61. Kc7 Ne6+ 62. Kc8 h5 63. Nf3 b3 64. axb3 Ke7 65. Nd4 Nd8 66.
Nf5+ Ke6 67. Kxd8 Kxf5 68. Kc7 h4 69. d8=Q Kg4 70. Qg8+ Kf4 71. Qg2 Kf5 72.
Qf3+ Kg5 73. Kd6 Kh6 74. Ke6 Kg5 75. Qf5+ Kh6 76. Kf6 h3 77. Qxh3# {
Amateur checkmated} 1-0

[Event "ICS Rated blitz match"]
[Site "207.99.83.229"]
[Date "1999.07.14"]
[Round "?"]
[White "Hossa"]
[Black "casaxuv"]
[Result "1-0"]
[WhiteElo "2440"]
[BlackElo "2054"]
[PlyCount "61"]
[EventDate "1999.??.??"]

1. d4 g6 2. e4 Bg7 3. Ne2 c6 4. Bg5 d5 5. Nd2 f6 6. Bh4 Nh6 7. c4 O-O 8. Qc2
Na6 9. O-O-O Be6 10. Nf4 Bf7 11. Qb3 g5 12. Qxb7 Nc7 13. Qxc6 dxc4 14. Bxc4
gxf4 15. f3 Rc8 16. Qa4 Ne6 17. d5 Nc5 18. Qxa7 e6 19. dxe6 Nxe6 20. Kb1 Ng5
21. Nb3 Qc7 22. Bxf7+ Rxf7 23. Qf2 Rd7 24. Rxd7 Qxd7 25. Nc5 Qa7 26. Nd3 Qxf2
27. Nxf2 Nhf7 28. Rc1 f5 29. Rxc8+ Bf8 30. exf5 Kg7 31. f6+ {casaxuv resigns}
1-0

[Event "ICS Rated blitz match"]
[Site "207.99.83.229"]
[Date "1999.07.14"]
[Round "?"]
[White "occam"]
[Black "Hossa"]
[Result "1-0"]
[WhiteElo "2330"]
[BlackElo "2443"]
[PlyCount "104"]
[EventDate "1999.??.??"]

1. d4 d5 2. Nf3 Bf5 3. b3 e6 4. c4 Nf6 5. cxd5 Bb4+ 6. Bd2 Nxd5 7. a3 Bd6 8.
Nc3 O-O 9. Qc1 Nxc3 10. Qxc3 Nd7 11. Bg5 f6 12. Bh4 Nb6 13. Nd2 Bf4 14. Rc1 Nd5
15. Qf3 Bxd2+ 16. Kxd2 Nb6 17. e3 c6 18. Kc3 Qd5 19. Kb2 Rfd8 20. Ka2 Qxf3 21.
gxf3 e5 22. Rg1 Kh8 23. dxe5 Rd2+ 24. Ka1 fxe5 25. Rg5 Rf8 26. e4 Be6 27. Rxe5
Bxb3 28. Re7 Rxf3 29. Bg2 Ra2+ 30. Kb1 Rfxf2 31. Bxf2 Rxf2 32. Bf1 Rxh2 33.
Rxb7 Ba2+ 34. Ka1 Bg8 35. Rxa7 Rf2 36. Rb7 Nc8 37. Rb8 Ne7 38. Bc4 Rd2 39. Rf1
h5 40. Bxg8 Nxg8 41. Rff8 Re2 42. Rxg8+ Kh7 43. Rh8+ Kg6 44. Rb6 Kg5 45. Rg8
Re1+ 46. Kb2 Re2+ 47. Kc3 Rxe4 48. Rxg7+ Kh6 49. Rc7 Kg5 50. Rcxc6 Re3+ 51. Kb2
h4 52. Rb5+ 52... Kg4 {Hossa resigns} 1-0

[Event "ICS Rated blitz match"]
[Site "207.99.83.229"]
[Date "1999.07.14"]
[Round "?"]
[White "nimraz"]
[Black "Hossa"]
[Result "1-0"]
[WhiteElo "2199"]
[BlackElo "2422"]
[PlyCount "48"]
[EventDate "1999.??.??"]

1. c4 e5 2. e3 Bb4 3. a3 Be7 4. b4 Nf6 5. Bb2 e4 6. Qc2 O-O 7. Nc3 d5 8. cxd5
Nxd5 9. Nxe4 a5 10. b5 Bg4 11. h4 f5 12. Ng5 Bxg5 13. hxg5 Qxg5 14. Bc4 c6 15.
Nf3 Bxf3 16. gxf3 Qd8 17. O-O-O cxb5 18. Rdg1 g6 19. Qc3 Kf7 20. Rxh7+ Ke8 21.
Bxd5 Nd7 22. Rxg6 Qc8 23. Re6+ Kd8 24. Rd6 24... b4 {Hossa resigns} 1-0

[Event "ICS Rated blitz match"]
[Site "207.99.83.229"]
[Date "1999.07.14"]
[Round "?"]
[White "Hossa"]
[Black "TDChess"]
[Result "0-1"]
[WhiteElo "2397"]
[BlackElo "2516"]
[PlyCount "152"]
[EventDate "1999.??.??"]

1. d4 d5 2. c4 e5 3. cxd5 Qxd5 4. Nf3 exd4 5. Nc3 Bb4 6. Qa4+ Nc6 7. Qxb4 Nxb4
8. Nxd5 Nxd5 9. Nxd4 Ngf6 10. Bg5 Bd7 11. O-O-O Ne4 12. Bh4 Nb4 13. a3 g5 14.
Bg3 Na2+ 15. Kc2 O-O-O 16. Rd3 c5 17. Nf3 Bf5 18. Ne5 Nxg3 19. hxg3 Rd5 20. Nc4
Rd4 21. Ne3 Be4 22. Kd2 Bxd3 23. exd3 Rd6 24. Be2 Rb6 25. Bg4+ Kb8 26. Kc2 Re8
27. Rxh7 Rf6 28. Bf3 a5 29. Rg7 Rb6 30. Rxg5 Rc8 31. Rf5 a4 32. Rxf7 Rb3 33.
Bd5 c4 34. dxc4 Ka8 35. Ng4 Re8 36. Bf3 Re1 37. Bd1 Re8 38. c5 Rc8 39. Rf5 Rb5
40. f3 Rcxc5+ 41. Rxc5 Rxc5+ 42. Kd2 Rd5+ 43. Ke1 Rb5 44. Bc2 Rxb2 45. Ne3 Nc3
46. Kd2 Nb5 47. Nc4 Ra2 48. Kc1 Nd4 49. Be4 Ne2+ 50. Kb1 Nc3+ 51. Kc1 Nxe4 52.
fxe4 b5 53. Kb1 Rxg2 54. Nb6+ Kb7 55. Nd5 Rxg3 56. Kb2 Kc6 57. Ne7+ Kc5 58. Nf5
Rg2+ 59. Ka1 Re2 60. e5 Rxe5 61. Nh4 Rh5 62. Ng6 Kc4 63. Kb2 Rh2+ 64. Kc1 Kb3
65. Ne5 Kxa3 66. Ng4 Rh1+ 67. Kc2 b4 68. Kd2 b3 69. Ne5 b2 70. Nc4+ Ka2 71. Ne3
b1=Q 72. Ng2 Qb4+ 73. Kd3 Rh3+ 74. Kc2 Qe4+ 75. Kc1 Qxg2 76. Kd1 76... Rh1# {
Hossa checkmated} 0-1

[Event "ICS Rated blitz match"]
[Site "207.99.83.229"]
[Date "1999.07.14"]
[Round "?"]
[White "Esen"]
[Black "Hossa"]
[Result "0-1"]
[WhiteElo "2037"]
[BlackElo "2386"]
[PlyCount "56"]
[EventDate "1999.??.??"]

1. d4 d5 2. c4 e6 3. Nc3 Nf6 4. Bg5 Be7 5. Bxf6 Bxf6 6. cxd5 exd5 7. e3 O-O 8.
Nf3 c5 9. Bb5 a6 10. Ba4 b5 11. Bb3 c4 12. Bc2 b4 13. Ne2 Bg4 14. Ng3 Nc6 15.
h3 Bxf3 16. Qxf3 Bxd4 17. Bxh7+ Kxh7 18. exd4 Re8+ 19. Kf1 Nxd4 20. Qh5+ Kg8
21. Rd1 g6 22. Qh6 Ne6 23. h4 c3 24. bxc3 bxc3 25. h5 g5 26. Nf5 c2 27. Re1 Qa5
28. g4 28... Qxe1+ {Esen resigns} 0-1

[Event "ICS Rated blitz match"]
[Site "207.99.83.229"]
[Date "1999.07.14"]
[Round "?"]
[White "Hossa"]
[Black "nimraz"]
[Result "1/2-1/2"]
[WhiteElo "2390"]
[BlackElo "2212"]
[PlyCount "61"]
[EventDate "1999.??.??"]

1. d4 c5 2. dxc5 e6 3. Nc3 Bxc5 4. Ne4 d5 5. Nxc5 Qa5+ 6. Bd2 Qxc5 7. Bc3 Nf6
8. Bxf6 gxf6 9. Qd2 Nc6 10. e3 e5 11. O-O-O Be6 12. f3 a5 13. Ne2 O-O 14. e4 d4
15. Kb1 Rfc8 16. a3 b5 17. Qh6 b4 18. a4 b3 19. c3 Nb4 20. Qxf6 Na2 21. Qg5+
Kf8 22. Qh6+ Ke8 23. Nc1 dxc3 24. Bb5+ Ke7 25. Qh4+ Kf8 26. Qh6+ Kg8 27. Qg5+
Kf8 28. Qh6+ Kg8 29. Qg5+ Kf8 30. Qh6+ Kg8 31. Qg5+ {Game drawn by repetition}
1/2-1/2

[Event "ICS Rated blitz match"]
[Site "207.99.83.229"]
[Date "1999.07.14"]
[Round "?"]
[White "Hossa"]
[Black "occam"]
[Result "1-0"]
[WhiteElo "2359"]
[BlackElo "2351"]
[PlyCount "103"]
[EventDate "1999.??.??"]

1. d4 d5 2. c4 dxc4 3. e4 b5 4. a4 c6 5. b3 cxb3 6. axb5 Be6 7. Ra4 Nf6 8. Nc3
Qb6 9. Ba3 Qb7 10. bxc6 Nxc6 11. d5 Rd8 12. Bb5 b2 13. Bxb2 Nxd5 14. exd5 Bxd5
15. Nxd5 Rd7 16. Qh5 e6 17. Re4 Kd8 18. Qh4+ Ke8 19. Qg5 h6 20. Qh5 Kd8 21. Nf4
a6 22. Bxc6 Qxb2 23. Qa5+ Ke7 24. Qb4+ Qxb4+ 25. Rxb4 Kf6 26. Ra4 Rd6 27. Rxa6
Kg5 28. Ngh3+ Kf5 29. Ke2 Ke5 30. Ra5+ Kf6 31. Nh5+ Kg6 32. Be8 Kh7 33. Bxf7
Rb6 34. N3f4 Rb2+ 35. Ke3 Rb3+ 36. Kd4 Rb4+ 37. Ke5 Rb2 38. Bg6+ Kg8 39. Ra7
Rxf2 40. Bf7+ Kh7 41. Bxe6 Rxf4 42. Nxf4 h5 43. Bf5+ Kg8 44. Ng6 Rh6 45. Be6+
Kh7 46. Nxf8+ Kh8 47. Ng6+ Rxg6 48. Ra8+ Kh7 49. Bf5 h4 50. g4 h3 51. Kf4 Kh6
52. Rh8# {occam checkmated} 1-0

[Event "ICS Rated blitz match"]
[Site "207.99.83.229"]
[Date "1999.07.14"]
[Round "?"]
[White "newfisher"]
[Black "Hossa"]
[Result "0-1"]
[WhiteElo "1977"]
[BlackElo "2378"]
[PlyCount "24"]
[EventDate "1999.??.??"]

1. e4 Nf6 2. e5 Nd5 3. Be2 Nf4 4. Bf3 d6 5. exd6 Qxd6 6. d3 Bd7 7. Bxf4 Qxf4 8.
Qd2 Qe5+ 9. Ne2 Qxb2 10. Qc3 Qxc3+ 11. Nbxc3 Nc6 12. Rb1 12... O-O-O {
newfisher resigns} 0-1

[Event "ICS Rated blitz match"]
[Site "207.99.83.229"]
[Date "1999.07.14"]
[Round "?"]
[White "Hossa"]
[Black "razzle"]
[Result "0-1"]
[WhiteElo "2408"]
[BlackElo "2706"]
[PlyCount "103"]
[EventDate "1999.??.??"]

1. d4 d5 2. c4 c6 3. Nc3 Nf6 4. cxd5 cxd5 5. f3 e6 6. Bg5 Be7 7. Rc1 O-O 8. e4
Nc6 9. e5 Ne8 10. Bxe7 Qxe7 11. Nge2 Bd7 12. Kf2 f6 13. exf6 Nxf6 14. f4 Nh5
15. g3 Nf6 16. Bg2 Ng4+ 17. Kg1 Ne3 18. Qd2 Nc4 19. Qc2 Rf5 20. Bh3 Rf7 21. b3
Nd6 22. Kg2 Rc8 23. Qd3 Nb4 24. Qd2 Qf6 25. Rhe1 Qg6 26. Kg1 b6 27. Nb5 Rxc1
28. Nxc1 Nxb5 29. Qxb4 Qf6 30. Ne2 a5 31. Qd2 Nd6 32. Qe3 Nf5 33. Bxf5 Qxf5 34.
Rc1 b5 35. Rc7 Be8 36. Rc8 Re7 37. Qe5 Qd3 38. Nc3 Kf7 39. f5 exf5 40. Qxd5+
Kf8 41. Qc5 Kf7 42. Rc7 Bd7 43. Qd5+ Kg6 44. Kg2 Be6 45. Rc6 Kf7 46. Qd6 Qd2+
47. Kf3 Bc4 48. Qxe7+ Kxe7 49. Rxc4 Qd3+ 50. Kg2 bxc4 51. Nd5+ Kd6 52. bxc4 {
Hossa resigns} 0-1

[Event "ICS rated blitz match"]
[Site "207.99.83.229"]
[Date "1999.07.14"]
[Round "?"]
[White "MateWithYou2"]
[Black "Hossa"]
[Result "0-1"]
[WhiteElo "2052"]
[BlackElo "2403"]
[PlyCount "64"]
[EventDate "1999.??.??"]

1. d3 Nf6 2. g3 e5 3. Bg2 Bb4+ 4. c3 Ba5 5. Nf3 d6 6. O-O O-O 7. a4 c6 8. b4
Bc7 9. Nbd2 a5 10. Bb2 axb4 11. cxb4 Na6 12. b5 Nb4 13. Nb3 c5 14. Nfd2 Nfd5
15. Nc4 Qg5 16. h4 Qe7 17. a5 f5 18. b6 Bb8 19. Rc1 Qf7 20. e4 Nf6 21. exf5
Bxf5 22. Nxe5 dxe5 23. Nxc5 Rxa5 24. Nxb7 Ra2 25. Bc3 Nxd3 26. Ra1 Nxf2 27.
Rxf2 Rxf2 28. Nc5 Bc2 29. Qe1 Rxg2+ 30. Kxg2 Qd5+ 31. Kh2 Ng4+ 32. Kh3 32...
Bf5 {MateWithYou2 resigns} 0-1

[Event "ICS rated blitz match"]
[Site "207.99.83.229"]
[Date "1999.07.14"]
[Round "?"]
[White "Hossa"]
[Black "casaxuv"]
[Result "1-0"]
[WhiteElo "2407"]
[BlackElo "2136"]
[PlyCount "79"]
[EventDate "1999.??.??"]

1. d4 Nf6 2. c4 e5 3. d5 Ng4 4. e4 d6 5. Be2 Nf6 6. Nc3 Be7 7. Bf3 O-O 8. Nge2
Bd7 9. O-O Na6 10. Be3 h6 11. Qb3 Qc8 12. Nb5 b6 13. Qa3 Bxb5 14. cxb5 Nc5 15.
Nc3 Ng4 16. b4 Nxe3 17. fxe3 Nb7 18. Be2 Bg5 19. Rf3 Qd8 20. Qa6 Qb8 21. Raf1
Nd8 22. Qa3 Qc8 23. Qc1 Qd7 24. Qe1 Re8 25. Qg3 Rf8 26. Bc4 Be7 27. a4 Kh8 28.
Rf5 Bg5 29. Kh1 Kg8 30. h4 Be7 31. Rh5 Kh7 32. Be2 g6 33. Bg4 Qe8 34. Qh3 gxh5
35. Bd7 Rg8 36. Bxe8 Rxe8 37. Qd7 Nb7 38. Rxf7+ Kg8 39. Qf5 Bxh4 40. Qh7# {
casaxuv checkmated} 1-0

[Event "ICS rated blitz match"]
[Site "207.99.83.229"]
[Date "1999.07.14"]
[Round "?"]
[White "casaxuv"]
[Black "Hossa"]
[Result "0-1"]
[WhiteElo "2130"]
[BlackElo "2413"]
[PlyCount "80"]
[EventDate "1999.??.??"]

1. e3 Nc6 2. d4 e5 3. dxe5 Nxe5 4. Nf3 Nxf3+ 5. Qxf3 Nf6 6. Nc3 d5 7. Bd3 Bb4
8. Bd2 O-O 9. a3 Bg4 10. Qf4 Bd6 11. Qa4 Qe8 12. Qxe8 Raxe8 13. h3 Bh5 14. O-O
c5 15. Bb5 Re7 16. Rfe1 Be5 17. Rab1 Rd8 18. Ne2 Ne4 19. Ba5 b6 20. Bc3 Bxe2
21. Bxe5 Bxb5 22. Bf4 Rde8 23. Rbd1 Nf6 24. Bg5 Bc6 25. Rd3 Re5 26. Bf4 Rf5 27.
g4 Rxf4 28. Red1 Rfe4 29. b3 R8e5 30. Kg2 a5 31. Re1 c4 32. bxc4 Rxc4 33. Kg3
Ne4+ 34. Kh2 Rxc2 35. Rb1 Nxf2 36. Kg1 Nxd3 37. Rxb6 Rxe3 38. Rb8+ Be8 39.
Rxe8+ Rxe8 40. Kf1 40... Re1# {casaxuv checkmated} 0-1

[Event "ICS rated blitz match"]
[Site "207.99.83.229"]
[Date "1999.07.14"]
[Round "?"]
[White "MiddleHead"]
[Black "Hossa"]
[Result "1-0"]
[WhiteElo "2224"]
[BlackElo "2418"]
[PlyCount "71"]
[EventDate "1999.??.??"]

1. e4 Nf6 2. e5 Nd5 3. d4 d6 4. Nf3 Bg4 5. Be2 dxe5 6. Nxe5 Bxe2 7. Qxe2 c6 8.
O-O Nd7 9. c4 Nb4 10. Nxd7 Qxd7 11. Be3 Qf5 12. Nc3 O-O-O 13. Rfd1 e6 14. Rac1
c5 15. a3 Nc6 16. d5 Ne5 17. dxe6 Rxd1+ 18. Rxd1 fxe6 19. Nb5 a6 20. Nd6+ Bxd6
21. Rxd6 Rd8 22. Rxd8+ Kxd8 23. h3 Nd3 24. Qd2 b6 25. b4 Kc8 26. bxc5 bxc5 27.
Qa5 Kb7 28. Qd8 Nb2 29. Qd7+ Kb6 30. Qd6+ Kb7 31. Bxc5 Qb1+ 32. Kh2 Qf5 33.
Qd7+ Kb8 34. Bd6+ Ka8 35. Qc8+ Ka7 36. Qb8# {Hossa checkmated} 1-0

[Event "ICS rated blitz match"]
[Site "207.99.83.229"]
[Date "1999.07.14"]
[Round "?"]
[White "Hossa"]
[Black "ulun"]
[Result "1/2-1/2"]
[WhiteElo "2366"]
[BlackElo "2186"]
[PlyCount "115"]
[EventDate "1999.??.??"]

1. d4 Nf6 2. c4 g6 3. Nc3 Bg7 4. e4 O-O 5. Be3 d6 6. Qd2 Nbd7 7. O-O-O c6 8.
Bh6 e5 9. Bxg7 Kxg7 10. dxe5 dxe5 11. h4 h5 12. f4 Qc7 13. Qd6 Qxd6 14. Rxd6
exf4 15. Nh3 Ne5 16. Nxf4 Bg4 17. c5 Rad8 18. Nd3 Nxd3+ 19. Bxd3 Nd7 20. Na4
Ne5 21. Bf1 Rxd6 22. cxd6 Rd8 23. Nc5 b6 24. Nb7 Rd7 25. Ba6 Be2 26. Bxe2 Rxb7
27. Ba6 Rd7 28. Rd1 Rd8 29. g3 f6 30. Kc2 Nf7 31. Bb7 c5 32. d7 Ne5 33. Ba6
Rxd7 34. Rd5 Kf7 35. Bb5 Rxd5 36. exd5 Ke7 37. b3 Kd6 38. Bc4 Nxc4 39. bxc4 g5
40. a4 gxh4 41. gxh4 a6 42. Kd3 b5 43. axb5 axb5 44. cxb5 Kxd5 45. Kc3 f5 46.
Kd3 c4+ 47. Kc3 Kc5 48. b6 Kxb6 49. Kxc4 Kc6 50. Kd3 Kd6 51. Ke3 Ke5 52. Kf3 f4
53. Ke2 Ke4 54. Kf2 Kf5 55. Kf3 Ke5 56. Ke2 Kf6 57. Kf2 Kf5 58. Kf3 {
Game drawn by mutual agreement} 1/2-1/2

[Event "ICS rated blitz match"]
[Site "207.99.83.229"]
[Date "1999.07.14"]
[Round "?"]
[White "brutus"]
[Black "Hossa"]
[Result "0-1"]
[WhiteElo "2094"]
[BlackElo "2358"]
[PlyCount "96"]
[EventDate "1999.??.??"]

1. e4 Nf6 2. Nc3 d5 3. e5 d4 4. exf6 dxc3 5. fxe7 cxd2+ 6. Bxd2 Qxe7+ 7. Qe2
Be6 8. Nf3 Nc6 9. a3 O-O-O 10. O-O-O Ba2 11. Qb5 Rd5 12. Qa4 Qc5 13. Be3 Rxd1+
14. Kxd1 Qd6+ 15. Kc1 Bd5 16. Bb5 a6 17. Bxa6 bxa6 18. Qxa6+ Kd8 19. Rd1 Ne7
20. Qb5 c6 21. Bb6+ Ke8 22. Qa6 f6 23. Qa8+ Kf7 24. c4 Qf4+ 25. Be3 Qxc4+ 26.
Kb1 Qa2+ 27. Kc1 Qa1+ 28. Kc2 Bb3+ 29. Kxb3 Qxd1+ 30. Ka2 Qh1 31. Nd4 Qxg2 32.
Qa4 Qxh2 33. Qc4+ Ke8 34. Ne6 h5 35. Nc7+ Qxc7 36. Qe6 Qa5 37. Qe4 Qd5+ 38.
Qxd5 Nxd5 39. a4 Nxe3 40. fxe3 g5 41. a5 g4 42. a6 Rh7 43. a7 Rxa7+ 44. Kb1 g3
45. Kc2 g2 46. Kd3 g1=Q 47. Kd4 Rd7+ 48. Ke4 48... Qg4# {brutus checkmated} 0-1